| 000 | 00787nam a22001337a 4500 | ||
|---|---|---|---|
| 040 | _cRUA | ||
| 082 | _aAGR PHE 2022 B1-406 Or. | ||
| 100 | _aPHEACH CHANTHY,ភាច ចន្ធី | ||
| 245 | _aEFFECTS OF INTEGRATED WEED MANAGEMENT ON GROWTH AND YIELD OF TURMERIC UNDER DRIP IRRIGATION,ឥទ្ធិពលនៃការប្រើប្រាស់ប្រព័ន្ធគ្រប់គ្រងស្មៅចម្រុះលើការលូតលាស់ និងទិន្នផលនៃដំណាំរមៀតក្រោមប្រព័ន្ធដំណក់ទឹក | ||
| 260 |
_aphnom penh _brua _c2022 |
||
| 300 |
_aviii.30p. _bill. _c29cm. |
||
| 856 | _uhttps://drive.google.com/file/d/1yxVXQs6jhP9P4TD82LR-uEUHPYqP-qdc/view?usp=sharing | ||
| 942 | _cAGR | ||
| 999 |
_c24215 _d24215 |
||